Fromages par régions - Statistiques

Statistiques générales
  • Ce quiz a été pris 1 016 fois
  • Le résultat moyen est 7 sur 10
Statistiques - réponses
Hint Réponse % Correct
Brocciu Corse
85%
Camembert Normandie
82%
Reblochon Savoie
80%
Comté Franche-Comté
79%
Ossau-Iraty Pays Basque
78%
Munster Alsace
71%
Cantal Auvergne
69%
Mimolette Nord
50%
Roquefort Aveyron
48%
Picodon Ardèche
45%
Aucun quiz correspondant
Distribution des résultats
% des personnes avec chaque résultat
Percentile par nombre de réponses
Votre historique - résultats
Vous n’avez pas pris ce quiz